000 01281nam a2200325 a 4500
001 ebr10076761
003 CaPaEBR
006 m u
007 cr cn|||||||||
008 030224s2003 enk sb 001 0 eng
010 _z 2003102951
020 _z0761943420
040 _aCaPaEBR
_cCaPaEBR
035 _a(OCoLC)70773926
050 1 4 _aRC489.R3
_bD7768 2003eb
082 0 4 _a616.89/14
_222
100 1 _aDryden, Windy.
245 1 0 _aAlbert Ellis live!
_h[electronic resource] /
_cWindy Dryden & Albert Ellis.
260 _aLondon ;
_aThousand Oaks, Calif. :
_bSAGE Publications,
_c2003.
300 _ax, 150 p.
504 _aIncludes bibliographical references (p. [148]) and index.
533 _aElectronic reproduction.
_bPalo Alto, Calif. :
_cebrary,
_d2013.
_nAvailable via World Wide Web.
_nAccess may be limited to ebrary affiliated libraries.
650 0 _aRational emotive behavior therapy.
650 0 _aRational emotive behavior therapy
_vCase studies.
650 0 _aRational emotive behavior therapy
_vMiscellanea.
655 7 _aElectronic books.
_2local
700 1 _aEllis, Albert.
710 2 _aebrary, Inc.
856 4 0 _uhttp://site.ebrary.com/lib/rucke/Doc?id=10076761
_zAn electronic book accessible through the World Wide Web; click to view
999 _c54000
_d54000